000 00808nam a2200181Ia 4500
008 151202s9999||||xx |||||||||||||| ||und||
082 _bPNVM-80150
100 _aपंडित श्रीनिवास - संपा / पंडित राजीव - संकलन.
245 _aनिसर्गपुर्ण.
260 _b"ऊर्जा प्रकाशन,पुणे."
260 _c2010
300 _a252
600 _aपंडित श्रीनिवास - संपा / पंडित राजीव - संकलन.
630 _aनिसर्गपुर्ण.
700 _aपंडित श्रीनिवास - संपा / पंडित राजीव - संकलन.
730 _aनिसर्गपुर्ण.
942 _cBOOK
999 _c1344759
_d1344756